| 000 | 00451nam a22001575i 4500 | ||
|---|---|---|---|
| 001 | 171357 | ||
| 003 | ES-MaACL | ||
| 005 | 20230906214618.0 | ||
| 008 | 090512s1967 sp |||| | spa d | ||
| 080 | _a821.134.2-32"19" | ||
| 100 | 1 |
_aSocorro, Manuel. _9140082 |
|
| 245 | 1 | 0 |
_aLuis Ordóñez y "el monstruo" / _cManuel Socorro. |
| 260 |
_aLas Palmas : _b[s.n.], _c1967 ( _fImp. Lezcano) |
||
| 300 |
_a216 p. ; _c20 cm. |
||
| 852 |
_aES-MaACL _jC-33785 |
||
| 999 |
_c171357 _d171357 |
||